| 000 | 00604cam a2200217 4500 | ||
|---|---|---|---|
| 001 | ##D15224 | ||
| 008 | 090401t1974 xxu||||| |||| 00| 0 eng d | ||
| 035 | _a(Sirsi) u21241 | ||
| 041 | 0 | _aeng | |
| 050 | 0 | 4 | _a711.14 |
| 090 | _aRICS 1974/3ABC | ||
| 110 | 2 |
_aRoyal Institution of Chartered Surveyors _94900 |
|
| 245 | 0 | 0 | _aCompensation for compulsory acquisition of agricultural land and of rights in and over such land |
| 250 | _a2nd ed. | ||
| 260 |
_aLondon _bRICS _c1974 |
||
| 300 |
_aiv, 62p. _c21cm. |
||
| 350 | _a1 | ||
| 520 | _aFiled in box 1974/3 ABC | ||
| 942 | _n0 | ||
| 948 | _c04/03/1997 | ||
| 999 |
_c87943 _d87943 |
||